| 000 | 005960000a22001810004500 | ||
|---|---|---|---|
| 003 | MACL | ||
| 005 | 20160303160351.0 | ||
| 008 | 160303b xxu||||| |||| 00| 0 eng d | ||
| 040 |
_aMACL _cMACL |
||
| 041 | _aHindi | ||
| 082 | _a891.431 | ||
| 100 |
_aजेैन लक्ष्मीचन्द्र _942502 |
||
| 245 | _aबज्मे-जिन्दगी रंगे शायरी | ||
| 260 |
_bभारतीय ज्ञानमीठ प्रकाशन _c1981 _aवाराणसी |
||
| 350 | _a25 | ||
| 650 |
_aPoetry _942503 |
||
| 942 |
_cHIN _k891.431 _2ddc |
||
| 999 |
_c28028 _d28028 |
||